<?xml version="1.0" encoding="utf-8"?>
<?xml-stylesheet type='text/xsl' href='./oai2.xsl'?>
<OAI-PMH xmlns="http://www.openarchives.org/OAI/2.0/" xmlns:xsi="http://www.w3.org/2001/XMLSchema-instance" xsi:schemaLocation="http://www.openarchives.org/OAI/2.0/ http://www.openarchives.org/OAI/2.0/OAI-PMH.xsd">
  <responseDate>2026-05-15T17:35:44Z</responseDate>
  <request verb="GetRecord" metadataPrefix="marcxml" identifier="record_kuniweb_2508544">https://kulturerbe.niedersachsen.de/oai</request>
  <GetRecord>
    <record>
      <header>
        <identifier>record_kuniweb_2508544</identifier>
        <datestamp>2026-03-31T19:09:18Z</datestamp>
        <setSpec>slg0175</setSpec>
      </header>
      <metadata>
        <marc:record xmlns:marc="http://www.loc.gov/MARC21/slim" xsi:schemaLocation="http://www.loc.gov/MARC21/slim http://www.loc.gov/standards/marcxml/schema/MARC21slim.xsd">
          <marc:leader>12345nkm  22     uu 4500</marc:leader>
          <marc:controlfield tag="001">2508544</marc:controlfield>
          <marc:controlfield tag="003">http://kuniweb.gbv.de</marc:controlfield>
          <marc:controlfield tag="005">2024-05-27T13:44:49</marc:controlfield>
          <marc:controlfield tag="008">|           ||||||||||||||||||||||</marc:controlfield>
          <marc:datafield tag="245" ind1="1" ind2="0">
            <marc:subfield code="a">Der Eisenbahn-Viaduct über die Lagunen nach Venedig</marc:subfield>
          </marc:datafield>
          <marc:datafield tag="720" ind1=" " ind2=" ">
            <marc:subfield code="a">Bibliographisches Institut (Hildburghausen)</marc:subfield>
          </marc:datafield>
          <marc:datafield tag="655" ind1=" " ind2="7">
            <marc:subfield code="a">Grafik</marc:subfield>
          </marc:datafield>
          <marc:datafield tag="046" ind1=" " ind2=" ">
            <marc:subfield code="k">1847</marc:subfield>
            <marc:subfield code="k">ca. 1847 - ca. 1855 (Nachdruck benutzt in "Das Conversations-Lexikon für die gebildeten Stände")</marc:subfield>
            <marc:subfield code="l">1855</marc:subfield>
          </marc:datafield>
          <marc:datafield tag="260" ind1=" " ind2=" ">
            <marc:subfield code="g">1847</marc:subfield>
            <marc:subfield code="g">1855</marc:subfield>
            <marc:subfield code="g">ca. 1847 - ca. 1855 (Nachdruck benutzt in "Das Conversations-Lexikon für die gebildeten Stände")</marc:subfield>
          </marc:datafield>
          <marc:datafield tag="300" ind1=" " ind2=" ">
            <marc:subfield code="a">Höhe: 102 mm (Darstellung)
Breite: 150 mm (Darstellung)
Höhe: 155 mm (Blatt)
Breite: 242 mm (Blatt)</marc:subfield>
          </marc:datafield>
          <marc:datafield tag="520" ind1=" " ind2=" ">
            <marc:subfield code="a">Stahlstich (mutmaßlich von Johann Poppe - vgl. ähnliche Arbeit des Künstlers für den Verleger, hier 6.4.185), erstmals erschienen 1847 als Abbildung in "Meyer's Universum", vorliegender Nachdruck erneut genutzt in "Meyers' Conversations-Lexikon" 1840-1855 (auch als Tafelband - Innovation im Bereich deutscher Lexika).
Abbildung zeigt Eisenbahnbrücke zwischen der Innenstadt und der Lagune von Venedig kurz nach der Fertigstellung 1846.
Einzelblatt aus dem Lexikon gelöst (Löcher von der Fadenheftung an der linken Seite) (T. Mahler 05/2024)

Aufdruck:
"Ms C.L. No 736" o. li. "Aus der Kunstanst. d. Bibl. Inst. in Hildbh." u. li. "DER EISENBAHN-VIADUCT/ über die Lagune nach Venedig." u. mittig "Eigentum d. Verleger" u. re. (Abbildung aus "Meyer's Conversations-Lexikon für die gebildeten Stände. In Verbindung mit Staatsmännern, Gelehrten, Künstlern u. Technikern hrsg. von J. Meyer (Abb. Nr. 736), Hildburghausen 1840-1855.")

Veröffentlicht in:
J. Meyer, Meyer’s Universum oder Abbildung und Beschreibung des Sehenswerthesten und Merkwürdigsten der Natur und Kunst auf der ganzen Erde, Bd. Zwölfter. Bibliogr. Inst., Hildburghausen; Amsterdam; Hildburghausen; Philadelphia, Pa., 1847. (Nr. 525, S. 35)

Veröffentlicht in:
J. Meyer, „[Abbildungen 601 - 900]“, Das @große Conversations-Lexicon für die gebildeten Stände, Bd. Abbildungen 3. Bibliogr. Institut, Hildburghausen [u.a.], 1840. (Nr. 736)</marc:subfield>
          </marc:datafield>
          <marc:datafield tag="650" ind1="1" ind2=" ">
            <marc:subfield code="a">Grafik, Fotografie &gt; Druckgrafik &gt; Tiefdruck &gt; Stahlstich</marc:subfield>
          </marc:datafield>
          <marc:datafield tag="650" ind1="1" ind2=" ">
            <marc:subfield code="a">Venedig</marc:subfield>
          </marc:datafield>
          <marc:datafield tag="773" ind1="0" ind2=" ">
            <marc:subfield code="t">Sammlung und Nachlass Hermann Allmers</marc:subfield>
          </marc:datafield>
          <marc:datafield tag="852" ind1=" " ind2=" ">
            <marc:subfield code="a">Archiv des Landkreises Cuxhaven</marc:subfield>
          </marc:datafield>
          <marc:datafield tag="852" ind1=" " ind2=" ">
            <marc:subfield code="a">Hildburghausen</marc:subfield>
          </marc:datafield>
          <marc:datafield tag="" ind1=" " ind2=" ">
            <marc:subfield code="a">Sammlung und Nachlass Hermann Allmers sind Eigentum der Hermann-Allmers-Gesellschaft e. V. und werden in zwei Teilen an zwei Standorten verwahrt:
Die (museale) Sammlung, bestehend aus Mobiliar und Hausgerät, Tafelgemälden, kleineren und größeren Antiken, Gipsabgüssen, kunsthandwerklichen Objekten aus Keramik und Glas und einer kleinen Bibliothek, befindet sich im Allmers-Haus in Rechtenfleth.
Der literarische, grafische und fotografische "Nachlass Hermann Allmers" hingegen ist im Archiv des Landkreises Cuxhaven in Otterndorf deponiert.</marc:subfield>
          </marc:datafield>
          <marc:datafield tag="" ind1=" " ind2=" ">
            <marc:subfield code="a">Namensnennung - Nicht kommerziell - Keine Bearbeitungen 4.0 International (CC BY-NC-ND 4.0)</marc:subfield>
          </marc:datafield>
        </marc:record>
      </metadata>
    </record>
  </GetRecord>
</OAI-PMH>
